Études sur la tradition islamique : extraites du tome II des Muhammedanische Studien /

محفوظ في:

المؤلف الرئيسي: Goldziher, Ignác, 1850-1921 (مؤلف)

مؤلفون آخرون: Bercher, Léon.

التنسيق: كتاب

اللغة: French

منشور في: Paris : Adrien-Maisonneuve, 1952.

سلاسل: Initiation à l'Islam ; 7.

الموضوعات:

الوسوم: إضافة وسم

لا توجد وسوم, كن أول من يضع وسما على هذه التسجيلة!

رقم الطلب: BP135 .G64 1952

LEADER 00854nam a2200265Ii 4500
001 9579
003 OSt
005 20250924101913.0
008 130303s1952 fr b 000 0 fre d
010 |a 55025535 
040 |c ARCE Library 
050 4 |a BP135 .G64 1952 
100 1 |a Goldziher, Ignác,  |d 1850-1921,  |e author  |9 30896 
245 1 0 |a Études sur la tradition islamique :  |b extraites du tome II des Muhammedanische Studien /  |c Ignác Goldziher ; Traduites par Léon Bercher. 
264 1 |a Paris :  |b Adrien-Maisonneuve,  |c 1952. 
300 |a ii, 355 pages ;   |c 22 cm. 
490 1 |a Initiation á l'Islam ;   |v 7. 
500 |a Errata : 2 leaves inserted. 
504 |a Bibliographical footnotes. 
650 0 |a Hadith. 
700 1 |a Bercher, Léon.  |9 26626 
830 0 |a Initiation à l'Islam ;   |v 7. 
901 |a reviewed 
942 |c BK  |2 lcc 
999 |c 13703  |d 13703